| 000 | 00930nam a2200193 a 4500 | ||
|---|---|---|---|
| 001 | 000993483 | ||
| 003 | AM-YeHGA | ||
| 005 | 20250617150342.0 | ||
| 008 | 131120s1973 ru r 000 0 rus d | ||
| 040 | _aAM-YeHGA | ||
| 041 | 0 | _arus | |
| 245 | 0 | 0 |
_aСлучайный поиск : _bТеория и применение : Систематический указатель литературы / _cИн-т электроники и вычислительной техники АН ЛатвССР; Под общ. ред. Л.А. Растригина. |
| 260 |
_aРига : _bБ. и., _c1973. |
||
| 300 | _a77 с. | ||
| 653 | 0 | _aАвтоматика и вычислительная техника | |
| 700 | 1 |
_aРастригин, Л. А. _eред. _4edt |
|
| 710 | 2 | _aИнститут электроники и вычислительной техники Академии наук Латвийской ССР. | |
| 090 | _c331083 | ||
| 999 |
_c329329 _d329329 |
||